| 000 | 01155 a2200241 4500 | ||
|---|---|---|---|
| 005 | 20080912104838.0 | ||
| 008 | 080912t xxu||||| |||| 00| 0 hin d | ||
| 010 | _aHIN-79791 | ||
| 020 |
_a8173413819 _c175.00 |
||
| 035 | _aHN-52137 | ||
| 037 | _bD.B.Act / pub | ||
| 082 | _a821 | ||
| 100 | _aभटनागर, महेंद्र | ||
| 245 |
_aराग-संवेदन _cमहेंद्र भटनागर अनुवादक पी.आदेश्वर राव |
||
| 246 |
_bby Mahendra Bhatnagar _aRaag-Samvedan |
||
| 260 |
_aदिल्ली _bइण्डियन पब्लिशर्स डिस्ट्रीब्यूटर्स _c2005 |
||
| 270 |
_a156-डी, कमला नगर _bदिल्ली _e110007 _k23846233 _l91-11-23846233 |
||
| 300 |
_a154पृ _c22 सेमी (सजिल्द) |
||
| 650 | _aहिन्दी कविताएँ | ||
| 650 | _aHindi Poems | ||
| 942 |
_adpl _cHN _k821 / भटना _2ddc _h821 _mभटना |
||
| 999 |
_c3724 _d3724 |
||